000
00327nam a2200133Ia 4500
008
240624s9999 xx 000 0 und d
041
_a
eng
082
_a
150 GOS
100
_a
GOSLING EMILY
245
_a
GREAT MINDS DON T THINK A LIKE DISCOVER
260
_c
2018
_a
London
_b
ilex
300
_a
125 p.; 23 cm.
365
_c
_b
33
999
_c
32251
_d
32251